The facial nerve / (Record no. 448)

000 -LEADER
fixed length control field 00871nam a22003137 4500
001 - CONTROL NUMBER
control field 4602293
003 - CONTROL NUMBER IDENTIFIER
control field LIBRIS
005 - DATE AND TIME OF LATEST TRANSACTION
control field 20210420055436.0
008 - FIXED-LENGTH DATA ELEMENTS--GENERAL INFORMATION
fixed length control field 011211s1979 xxk 001 0 eng c
020 ## - INTERNATIONAL STANDARD BOOK NUMBER
International Standard Book Number 0192611283
040 ## - CATALOGING SOURCE
Original cataloging agency Li*
Transcribing agency DLS
080 ## - UNIVERSAL DECIMAL CLASSIFICATION NUMBER
Universal Decimal Classification number 616.8
Item number D-53
100 1# - MAIN ENTRY--PERSONAL NAME
Personal name Diamond, Charles
245 04 - TITLE STATEMENT
Title The facial nerve /
Statement of responsibility, etc. Charles Diamond, Ivor Frew
260 ## - PUBLICATION, DISTRIBUTION, ETC.
Place of publication, distribution, etc. Oxford :
Name of publisher, distributor, etc. Oxford U.P.,
Date of publication, distribution, etc. 1979
300 ## - PHYSICAL DESCRIPTION
Extent 283 s.
440 #0 - SERIES STATEMENT/ADDED ENTRY--TITLE
Title Oxford medical publications,
International Standard Serial Number 99-0113758-6
650 #2 - SUBJECT ADDED ENTRY--TOPICAL TERM
Topical term or geographic name entry element Facial nerve
650 #2 - SUBJECT ADDED ENTRY--TOPICAL TERM
Topical term or geographic name entry element Facial nerve
650 #2 - SUBJECT ADDED ENTRY--TOPICAL TERM
Topical term or geographic name entry element Peripheral nerve diseases
653 ## - INDEX TERM--UNCONTROLLED
Uncontrolled term ნევროლოგია
700 1# - ADDED ENTRY--PERSONAL NAME
Personal name Frew, Ivor
700 ## - ADDED ENTRY--PERSONAL NAME
Personal name Frew,Ivor
9 (RLIN) 356
942 ## - ADDED ENTRY ELEMENTS (KOHA)
Source of classification or shelving scheme
Koha item type Books
Holdings
Withdrawn status Lost status Source of classification or shelving scheme Damaged status Not for loan Permanent location Current location Date acquired Inventory number Total Checkouts Full call number Barcode Date last seen Price effective from Koha item type
          Ken Walker International University Ken Walker International University 11/26/2020 126   616.8 D-53 126 11/26/2020 11/26/2020 Books

Powered by Koha